000 00346nam a2200145Ia 4500
005 20251222141845.0
008 251222s9999||||xx |||||||||||||| ||spa||
020 _a9972-9985-8-0
082 _a869.57/C34
100 _aCastillo Fan, Jorge
245 0 _aCanción triste de cualquier Hombre
250 _a2a.ed.
264 _bZignos
942 _cLIB
999 _c7552
_d7552